| 000 | 00465nam a2200193Ia 4500 | ||
|---|---|---|---|
| 008 | 210210b1994 xxu||||| |||| 00| 0 eng d | ||
| 082 | _a820.9 NEWT | ||
| 100 | _aNew Casebooks | ||
| 245 | _aTess of the d'urbervilles: New Casebooks | ||
| 260 |
_aLondon _bThe Macmillan Press Limited _c1994 |
||
| 300 | _axi,211 | ||
| 650 | _aurbervilles | ||
| 650 | _athe | ||
| 650 | _aTess | ||
| 650 | _aof | ||
| 650 | _ad | ||
| 690 | _aEnglish Criticism | ||
| 906 | _a051618 | ||
| 999 |
_c99836 _d99836 |
||